| 000 | 00000nam##2200000za#4500 |
| 001 | 9.696340 |
| 003 | CaOODSP |
| 005 | 20220106100100 |
| 007 | cr ||||||||||| |
| 008 | 150407|2004||||xxc|||||o f|0| 0 eng|d |
| 020 | |a0-920360-50-5 |
| 040 | |aCaOODSP|beng |
| 043 | |an-cn--- |
| 086 | 1 |aIu81-3/1-2004E-PDF |
| 110 | 2 |aStandards Council of Canada. |
| 245 | 10|aNavigating copyright in a digital world |h[electronic resource] |
| 260 | |aOttawa - Ontario : |bStandards Council of Canada |cSeptember 2004. |
| 300 | |a12p.|bfigs. |
| 500 | |aThe ISBN (0-920360-50-5) for the bilingual print edition has been incorrectly copied in the pdf edition. |
| 590 | |a12-31-Supp|b2012-07-06 |
| 690 | 07|aStandards|2gcpds |
| 775 | 08|tLe droit d'auteur à l'ère du numérique |w(CaOODSP)9.640517 |
| 856 | 40|ahttp://publications.gc.ca|qPDF|s181 KB|uhttps://publications.gc.ca/collections/collection_2012/ccn-scc/Iu81-3-1-2004-eng.pdf |